Kooperation als Ausweg zur Fusion.

Hodnotenie fúzií malých družstevných bánk do väčších podnikov ako cesta k zvyšovaniu konkurencieschopnosti. Cesta k fúzii cez horizontálnu kooperáciu a hodnotenie ekonomických účinkov tejto stratégie. Zvyšovanie výkonnosti a odbytu služieb. Zlepšovanie organizácie. Metaekonomické účinky v družstevno...

Ausführliche Beschreibung

Gespeichert in:
Bibliographische Detailangaben
1. Verfasser: Widemann, K.
Format: Buchkapitel
Sprache:Deutsch
Schlagworte:
Tags: Tag hinzufügen
Keine Tags, Fügen Sie das erste Tag hinzu!

MARC

LEADER 00000naa a2200000 4500
001 r010318
005 20221130113431.2
041 0 |a ger 
044 |a DE 
245 1 0 |a Kooperation als Ausweg zur Fusion.  |c K. Widemann 
520 |a Hodnotenie fúzií malých družstevných bánk do väčších podnikov ako cesta k zvyšovaniu konkurencieschopnosti. Cesta k fúzii cez horizontálnu kooperáciu a hodnotenie ekonomických účinkov tejto stratégie. Zvyšovanie výkonnosti a odbytu služieb. Zlepšovanie organizácie. Metaekonomické účinky v družstevnom manažmente (motivácia), u spolupracovníkov (rutinnosť práce) a u členov družstva (zmena roly). 
610 2 0 |a banky družstevné 
610 2 0 |a fúzie 
610 2 0 |a kooperácia 
610 2 0 |a konkurencieschopnosť 
610 2 0 |a manažment 
610 2 0 |a odbyt 
610 2 0 |a služby 
610 2 0 |a výkonnosť 
100 1 |a Widemann, K.